Innovations in tax policy and other essays

Bibliographic Details
Main Author: Harris, C. Lowell
Format: Book
Published: Hartford : John C. Lincoln Institute , 1972
Subjects:

MARC

LEADER 00000cam a2200000 7i4500
001 0000009110
005 20150910.0
040 |a INS 
090 0 0 |a HJ2381   |b H37 1972 
100 0 |a Harris, C. Lowell 
245 1 0 |a Innovations in tax policy and other essays   |c selected writings of C. Lowell Harris 
260 |a Hartford :   |b John C. Lincoln Institute ,   |c 1972 
300 |a 331p :   |b ill. ;   |c 24cm. 
650 0 |a Fiscal policy   |z United States 
650 0 0 |a Taxation   |z United States 
999 |a 0000022049   |b BOOK   |c Open Shelf   |e Default branch